[Event "Muensterland Verbandsklasse 1920"]
[Site "Germany"]
[Date "2020.01.18"]
[Round "5.7"]
[White "Dittberner, Markus"]
[Black "Vera, Antonio"]
[Result "1/2-1/2"]
[WhiteElo "1577"]
[BlackElo "1713"]
[PlyCount "65"]
[EventDate "2019.09.14"]
[EventType "team-tourn"]
[EventRounds "7"]
[EventCountry "GER"]
[SourceTitle "EXT 2023"]
[Source "ChessBase"]
[SourceDate "2022.10.05"]
[SourceVersion "1"]
[SourceVersionDate "2022.10.05"]
[SourceQuality "1"]
[WhiteTeam "Muenster Indische Dame"]
[BlackTeam "Hiltrup"]
[WhiteTeamCountry "GER"]
[BlackTeamCountry "GER"]

1. e4 c5 2. Nf3 d6 3. d4 cxd4 4. Nxd4 Nf6 5. Nc3 g6 6. Be3 Bg7 7. f3 0-0 8. Bc4 Nc6 9. Qd2 Bd7 10. 0-0-0 Rc8 11. Bb3 Ne5 12. Kb1 Nc4 13. Bxc4 Rxc4 14. Bh6 Nxe4 15. Nxe4 Rxd4 16. Qe3 Rxd1+ 17. Rxd1 a6 18. h4 Qa5 19. g4 Be6 20. b3 Rc8 21. Bxg7 Kxg7 22. h5 d5 23. Qd4+ f6 24. Ng3 Qc5 25. Qd2 Bf7 26. Rh1 Qc3 27. Qe2 e5 28. Qg2 d4 29. Ne4 Qc6 30. Qh2 g5 31. Nxg5 fxg5 32. Qxe5+ Kh6 33. f4 1/2-1/2

[Event "Muensterland Verbandsklasse 1718"]
[Site "Germany"]
[Date "2018.03.10"]
[Round "7.6"]
[White "Droste, Laurenz"]
[Black "Dittberner, Markus"]
[Result "1/2-1/2"]
[WhiteElo "1646"]
[BlackElo "1638"]
[PlyCount "55"]
[EventDate "2017.09.16"]
[EventType "team-tourn"]
[EventRounds "9"]
[EventCountry "GER"]
[SourceTitle "EXT 2019"]
[Source "ChessBase"]
[SourceDate "2018.10.10"]
[SourceVersion "1"]
[SourceVersionDate "2018.10.10"]
[SourceQuality "1"]
[WhiteTeam "Raesfeld Erle II"]
[BlackTeam "Muenster Indische Dame"]
[WhiteTeamCountry "GER"]
[BlackTeamCountry "GER"]

1. f4 d5 2. e3 g6 3. b3 Bg7 4. Nc3 Nf6 5. Bb2 0-0 6. Nf3 Nbd7 7. Be2 Nb6 8. 0-0 c5 9. Qe1 Bd7 10. Ne5 Bc6 11. Bd3 Qc7 12. Nd1 Ne4 13. Bxe4 dxe4 14. Nxc6 Qxc6 15. Bxg7 Kxg7 16. c4 f5 17. Qg3 Rad8 18. Rf2 Rf6 19. Nc3 Rd3 20. Re1 Qd7 21. Nb1 a5 22. Rc1 Rfd6 23. Nc3 Rxd2 24. Rxd2 Rxd2 25. Qe1 Qd3 26. Rd1 Rxd1 27. Nxd1 a4 28. Qc3+ 1/2-1/2

[Event "Muensterland Verbandsklasse 1617"]
[Site "Germany"]
[Date "2017.03.25"]
[Round "8.6"]
[White "Scharlow, Siegmar"]
[Black "Dittberner, Markus"]
[Result "1/2-1/2"]
[WhiteElo "1703"]
[BlackElo "1622"]
[PlyCount "32"]
[EventDate "2016.09.24"]
[EventType "team"]
[EventRounds "9"]
[EventCountry "GER"]
[SourceTitle "EXT 2018"]
[Source "ChessBase"]
[SourceDate "2017.10.13"]
[SourceVersion "1"]
[SourceVersionDate "2017.10.13"]
[SourceQuality "1"]
[WhiteTeam "Nienberge II"]
[BlackTeam "Muenster Indische Dame"]
[WhiteTeamCountry "GER"]
[BlackTeamCountry "GER"]

1. d4 Nf6 2. c4 g6 3. Nc3 Bg7 4. e4 d6 5. f3 0-0 6. Be3 Na6 7. Qd2 c5 8. d5 Bd7 9. Bh6 Rb8 10. Nge2 b5 11. Bxg7 Kxg7 12. cxb5 Bxb5 13. Nxb5 Rxb5 14. Nd4 Rb6 15. Nc6 Qd7 16. Bxa6 Rxa6 1/2-1/2

[Event "Muensterland Verbandsklasse 1516"]
[Site "Germany"]
[Date "2015.09.19"]
[Round "1.6"]
[White "Huesmann, Stephan"]
[Black "Dittberner, Markus"]
[Result "1-0"]
[WhiteElo "1705"]
[BlackElo "1642"]
[PlyCount "53"]
[EventDate "2015.09.19"]
[EventType "team"]
[EventRounds "9"]
[EventCountry "GER"]
[SourceTitle "EXT 2017"]
[Source "ChessBase"]
[SourceDate "2016.10.25"]
[SourceVersion "1"]
[SourceVersionDate "2016.10.25"]
[SourceQuality "1"]
[WhiteTeam "Rheine Klein Berlin II"]
[BlackTeam "Muenster Indische Dame"]
[WhiteTeamCountry "GER"]
[BlackTeamCountry "GER"]

1. e4 c5 2. Nc3 Nc6 3. f4 d6 4. Nf3 e6 5. Be2 a6 6. 0-0 Qc7 7. d3 g6 8. Kh1 Bg7 9. Qe1 Nge7 10. Nd1 Nd4 11. Ne3 b5 12. Bd1 Bb7 13. Ng5 h6 14. Nxf7 Kxf7 15. c3 Ndc6 16. f5 exf5 17. Bb3+ Ke8 18. exf5 Rf8 19. Nd5 Qd8 20. f6 Bxf6 21. Rxf6 Rh8 22. Bf4 Ne5 23. Nxe7 c4 24. Bxe5 dxe5 25. Qxe5 Qxe7 26. Re6 Rh7 27. Re1 1-0

[Event "Muensterland Verbandsliga 1314"]
[Site "Germany"]
[Date "2013.11.16"]
[Round "3.5"]
[White "Kaiser, Guenter"]
[Black "Dittberner, Markus"]
[Result "0-1"]
[WhiteElo "1643"]
[BlackElo "1706"]
[PlyCount "44"]
[EventDate "2013.09.07"]
[EventType "team-tourn"]
[EventRounds "9"]
[EventCountry "GER"]
[SourceTitle "EXT 2015"]
[Source "ChessBase"]
[SourceDate "2014.11.20"]
[SourceVersion "1"]
[SourceVersionDate "2014.11.20"]
[SourceQuality "1"]
[WhiteTeam "Ochtrup"]
[BlackTeam "Muenster Indische Dame"]
[WhiteTeamCountry "GER"]
[BlackTeamCountry "GER"]

1. e4 c5 2. Nf3 d6 3. d4 cxd4 4. Nxd4 Nf6 5. Nc3 g6 6. Be3 Bg7 7. f3 0-0 8. Qd2 Nc6 9. 0-0-0 d5 10. exd5 Nxd5 11. Nxd5 Qxd5 12. Nb3 Qe5 13. c3 Rd8 14. Qf2 Rxd1+ 15. Kxd1 Be6 16. Kc1 Rc8 17. Kb1 Nb4 18. g4 Nxa2 19. Nc5 Nxc3+ 20. bxc3 Qxc3 21. Bg2 Qb4+ 22. Kc1 b6 0-1

[Event "Muensterland Verbandsklasse-A 1213"]
[Site "Germany"]
[Date "2013.05.11"]
[Round "9.8"]
[White "Dittberner, Markus"]
[Black "Oskamp, Dieter"]
[Result "1-0"]
[WhiteElo "1750"]
[BlackElo "1403"]
[PlyCount "55"]
[EventDate "2012.09.15"]
[EventType "team-tourn"]
[EventRounds "9"]
[EventCountry "GER"]
[SourceTitle "EXT 2015"]
[Source "ChessBase"]
[SourceDate "2014.11.20"]
[SourceVersion "1"]
[SourceVersionDate "2014.11.20"]
[SourceQuality "1"]
[WhiteTeam "Muenster Indische Dame"]
[BlackTeam "Metelen"]
[WhiteTeamCountry "GER"]
[BlackTeamCountry "GER"]

1. e4 e5 2. Nf3 Nc6 3. d4 exd4 4. Nxd4 Nxd4 5. Qxd4 Qf6 6. Be3 Qxd4 7. Bxd4 Ne7 8. Bc4 Nc6 9. Bc3 Bb4 10. 0-0 Bxc3 11. Nxc3 0-0 12. Nd5 Ne5 13. Nxc7 Rb8 14. Bb3 a6 15. Rad1 b5 16. Rd6 a5 17. f4 Nc4 18. Bxc4 bxc4 19. b3 cxb3 20. axb3 Rb7 21. Nd5 Re8 22. e5 Re6 23. Ra1 Ra7 24. b4 a4 25. Nb6 Rc7 26. c4 Rxd6 27. exd6 Rc6 28. c5 1-0

[Event "Muensterland Verbandsklasse-A 1213"]
[Site "Germany"]
[Date "2013.01.26"]
[Round "5.6"]
[White "Dittberner, Markus"]
[Black "Miemietz, Carsten"]
[Result "0-1"]
[WhiteElo "1750"]
[BlackElo "1715"]
[PlyCount "62"]
[EventDate "2012.09.15"]
[EventType "team-tourn"]
[EventRounds "9"]
[EventCountry "GER"]
[SourceTitle "EXT 2015"]
[Source "ChessBase"]
[SourceDate "2014.11.20"]
[SourceVersion "1"]
[SourceVersionDate "2014.11.20"]
[SourceQuality "1"]
[WhiteTeam "Muenster Indische Dame"]
[BlackTeam "Muenster SK IV"]
[WhiteTeamCountry "GER"]
[BlackTeamCountry "GER"]

1. d4 b6 2. c4 Bb7 3. Nc3 e6 4. a3 f5 5. Bf4 Nf6 6. e3 Be7 7. h3 0-0 8. Nf3 d5 9. Be2 h6 10. 0-0 Bd6 11. Bxd6 cxd6 12. b4 Nbd7 13. Rc1 a5 14. Qb3 Kh7 15. bxa5 Rxa5 16. Qb4 Ne4 17. Nxe4 dxe4 18. Nd2 d5 19. Nb3 Ra7 20. c5 bxc5 21. dxc5 Qa8 22. Bb5 Ne5 23. c6 Ba6 24. Bxa6 Rxa6 25. Qd6 Nd3 26. Qxe6 Nxc1 27. Rxc1 Rf6 28. Qxd5 Raxc6 29. Kh2 Qb8+ 30. g3 Rxc1 31. Nxc1 Qb2 0-1

[Event "Muensterland Verbandsklasse-A 1213"]
[Site "Germany"]
[Date "2012.12.15"]
[Round "4.7"]
[White "Dittberner, Markus"]
[Black "Gerighausen, Karl Heinz"]
[Result "0-1"]
[WhiteElo "1750"]
[BlackElo "1665"]
[PlyCount "84"]
[EventDate "2012.09.15"]
[EventType "team-tourn"]
[EventRounds "9"]
[EventCountry "GER"]
[SourceTitle "EXT 2015"]
[Source "ChessBase"]
[SourceDate "2014.11.20"]
[SourceVersion "1"]
[SourceVersionDate "2014.11.20"]
[SourceQuality "1"]
[WhiteTeam "Muenster Indische Dame"]
[BlackTeam "Ibbenbueren"]
[WhiteTeamCountry "GER"]
[BlackTeamCountry "GER"]

1. e4 b6 2. d4 Bb7 3. Nc3 e6 4. Bd3 Bb4 5. Nge2 d5 6. e5 c5 7. Bb5+ Bc6 8. 0-0 a6 9. Bxc6+ Nxc6 10. Be3 Nge7 11. Ng3 Ng6 12. Na4 cxd4 13. Bxd4 b5 14. c3 Be7 15. Nc5 Ngxe5 16. f4 Nxd4 17. cxd4 Nd7 18. Rc1 Nxc5 19. dxc5 Rc8 20. b4 Rc6 21. a4 Qb8 22. a5 0-0 23. Qg4 Bf6 24. Nh5 Bd4+ 25. Kh1 g6 26. Rcd1 Bh8 27. Ng3 Qc7 28. f5 exf5 29. Nxf5 Bg7 30. Ne3 d4 31. Nc2 f5 32. Qf3 Rd8 33. Rd3 Re6 34. Rfd1 Qe7 35. g3 Re2 36. Nxd4 Re1+ 37. Kg2 Rxd1 38. Qxd1 Qe4+ 39. Qf3 Rxd4 40. Rxd4 Bxd4 41. c6 Qxf3+ 42. Kxf3 Be5 0-1

[Event "Muensterland Verbandsliga 1112"]
[Site "Germany"]
[Date "2012.02.25"]
[Round "7.7"]
[White "Dittberner, Markus"]
[Black "Pooth, Richard"]
[Result "1-0"]
[WhiteElo "1838"]
[BlackElo "1822"]
[PlyCount "101"]
[EventDate "2011.09.24"]
[EventType "team-tourn"]
[EventRounds "9"]
[EventCountry "GER"]
[SourceTitle "EXT 2013"]
[Source "ChessBase"]
[SourceDate "2012.11.22"]
[SourceVersion "1"]
[SourceVersionDate "2012.11.22"]
[SourceQuality "1"]
[WhiteTeam "Muenster Indische Dame"]
[BlackTeam "Bocholt"]
[WhiteTeamCountry "GER"]
[BlackTeamCountry "GER"]

1. d4 Nf6 2. c4 c6 3. Nc3 d5 4. Nf3 e6 5. Bg5 Be7 6. e3 Nbd7 7. Bd3 dxc4 8. Bxc4 b5 9. Bd3 a6 10. 0-0 Bb7 11. Rc1 Rc8 12. Qe2 c5 13. a3 Qb6 14. h3 h6 15. Bf4 0-0 16. Rfd1 Rfd8 17. Bb1 cxd4 18. exd4 b4 19. axb4 Bxb4 20. Be5 Nd5 21. Qd3 f5 22. Ne2 Bc6 23. Nh4 Nxe5 24. dxe5 Nf4 25. Nxf4 Rxd3 26. Rxd3 g5 27. Rg3 Kf7 28. Nxf5 gxf4 29. Nxh6+ Ke7 30. Rg7+ Kd8 31. Rd1+ Bd5 32. Nf7+ Kc7 33. Nd6+ Kb8 34. Nxc8 Kxc8 35. Rc1+ Bc5 36. h4 Kb8 37. Rc2 a5 38. Rg8+ Ka7 39. Rg7+ Ka6 40. h5 Be4 41. Rxc5 Qxc5 42. Bxe4 Qxe5 43. Bd3+ Kb6 44. h6 Qxb2 45. Rg8 Qc1+ 46. Kh2 f3 47. h7 Qh6+ 48. Kg1 Qc1+ 49. Bf1 fxg2 50. Kxg2 Qc6+ 51. Kg1 1-0

[Event "Muensterland Verbandsklasse-B 0809"]
[Site "Germany"]
[Date "2009.05.02"]
[Round "9.5"]
[White "Wessel, Johannes"]
[Black "Dittberner, Markus"]
[Result "1/2-1/2"]
[WhiteElo "1872"]
[BlackElo "1776"]
[PlyCount "84"]
[EventDate "2008.09.13"]
[EventType "team-tourn"]
[EventRounds "9"]
[EventCountry "GER"]
[SourceTitle "EXT 2010"]
[Source "ChessBase"]
[SourceDate "2010.11.25"]
[SourceVersion "1"]
[SourceVersionDate "2010.11.25"]
[SourceQuality "1"]
[WhiteTeam "Steinfurt"]
[BlackTeam "Muenster Indische Dame"]
[WhiteTeamCountry "GER"]
[BlackTeamCountry "GER"]

1. e4 c5 2. Nf3 d6 3. d4 cxd4 4. Nxd4 Nf6 5. Nc3 g6 6. Be3 Bg7 7. f3 0-0 8. Bc4 Nc6 9. Qd2 Bd7 10. Bb3 Qa5 11. 0-0-0 Rfc8 12. Kb1 Ne5 13. h4 Nc4 14. Bxc4 Rxc4 15. h5 Rxc3 16. Qxc3 Qxc3 17. bxc3 Nxh5 18. g4 Nf6 19. Ne2 Bb5 20. Rh2 Nd7 21. Nd4 Ba6 22. Rdh1 Rc8 23. Rxh7 Rxc3 24. Rxg7+ Kxg7 25. Nf5+ gxf5 26. Bd4+ f6 27. Bxc3 fxg4 28. Rg1 Be2 29. Rxg4+ Kf7 30. Rg3 b6 31. Kc1 Nc5 32. Kd2 Bb5 33. Bd4 Ne6 34. Ke3 Bc6 35. Rg2 Ng5 36. Rd2 e5 37. Bb2 Ke6 38. Ba3 Nf7 39. f4 exf4+ 40. Kxf4 a5 41. c4 Bb7 42. Rd4 Ba6 1/2-1/2

[Event "Muensterland Verbandsklasse-B 0809"]
[Site "Germany"]
[Date "2009.03.28"]
[Round "8.5"]
[White "Dittberner, Markus"]
[Black "Holtmannspoetter, Thomas"]
[Result "1-0"]
[WhiteElo "1776"]
[BlackElo "1640"]
[PlyCount "71"]
[EventDate "2008.09.13"]
[EventType "team-tourn"]
[EventRounds "9"]
[EventCountry "GER"]
[SourceTitle "EXT 2010"]
[Source "ChessBase"]
[SourceDate "2010.11.25"]
[SourceVersion "1"]
[SourceVersionDate "2010.11.25"]
[SourceQuality "1"]
[WhiteTeam "Muenster Indische Dame"]
[BlackTeam "Ochtrup"]
[WhiteTeamCountry "GER"]
[BlackTeamCountry "GER"]

1. c4 e5 2. Nc3 Nc6 3. g3 g6 4. Bg2 Bg7 5. e4 Nge7 6. Nge2 0-0 7. 0-0 d6 8. d3 f5 9. f4 fxe4 10. dxe4 Bg4 11. h3 Bd7 12. Be3 a6 13. Rb1 Na5 14. Qd3 Be6 15. Nd5 c6 16. Bb6 Qd7 17. Nxe7+ Qxe7 18. Bxa5 Bf7 19. b3 d5 20. Bb6 dxe4 21. Bxe4 exf4 22. Nxf4 Rfe8 23. Rbe1 Qb4 24. c5 Re7 25. Re2 Rae8 26. Bf3 Bd4+ 27. Kh2 Rxe2+ 28. Nxe2 Bxc5 29. Bxc5 Qxc5 30. Bg2 Qe5 31. Nc3 Be6 32. Be4 Qh5 33. Bg2 Bf5 34. Qc4+ Be6 35. Qf4 Qc5 36. Ne4 1-0

[Event "Muensterland Verbandsklasse-B 0809"]
[Site "Germany"]
[Date "2009.02.28"]
[Round "7.4"]
[White "Dittberner, Markus"]
[Black "Reinhold, Klaus"]
[Result "0-1"]
[WhiteElo "1776"]
[BlackElo "1894"]
[PlyCount "92"]
[EventDate "2008.09.13"]
[EventType "team-tourn"]
[EventRounds "9"]
[EventCountry "GER"]
[SourceTitle "EXT 2010"]
[Source "ChessBase"]
[SourceDate "2010.11.25"]
[SourceVersion "1"]
[SourceVersionDate "2010.11.25"]
[SourceQuality "1"]
[WhiteTeam "Muenster Indische Dame"]
[BlackTeam "Gronau"]
[WhiteTeamCountry "GER"]
[BlackTeamCountry "GER"]

1. e4 e5 2. Nf3 Nf6 3. Nxe5 d6 4. Nf3 Nxe4 5. d4 d5 6. Bd3 Nc6 7. h3 Be7 8. 0-0 0-0 9. Bf4 Bf6 10. c3 Bf5 11. Re1 Re8 12. Na3 Qd7 13. Nc2 Nd6 14. Bf1 Rxe1 15. Ncxe1 Ne4 16. Nc2 Ne7 17. Ne3 Be6 18. Ne5 Bxe5 19. Bxe5 Ng6 20. Bh2 c6 21. f3 Nf6 22. a4 Re8 23. g4 h5 24. Bd3 hxg4 25. hxg4 Qe7 26. Qd2 Nh7 27. Bg3 Qf6 28. Rf1 Ng5 29. Bxg6 Nxf3+ 30. Kg2 Nxd2 31. Rxf6 gxf6 32. Bd3 Nc4 33. Bxc4 dxc4 34. Kf3 Kg7 35. Bh4 Kg6 36. Bg3 Rh8 37. Ke4 Rh3 38. Bf4 Rh1 39. d5 cxd5+ 40. Nxd5 Bxd5+ 41. Kxd5 Rb1 42. Kxc4 Rxb2 43. Bb8 a6 44. Bd6 f5 45. gxf5+ Kxf5 46. Bb4 Ke4 0-1

[Event "Muensterland Verbandsklasse-B 0809"]
[Site "Germany"]
[Date "2008.09.13"]
[Round "1.6"]
[White "Dittberner, Markus"]
[Black "Leeners, Stephan"]
[Result "1-0"]
[WhiteElo "1776"]
[BlackElo "1490"]
[PlyCount "83"]
[EventDate "2008.09.13"]
[EventType "team-tourn"]
[EventRounds "9"]
[EventCountry "GER"]
[SourceTitle "EXT 2010"]
[Source "ChessBase"]
[SourceDate "2010.11.25"]
[SourceVersion "1"]
[SourceVersionDate "2010.11.25"]
[SourceQuality "1"]
[WhiteTeam "Muenster Indische Dame"]
[BlackTeam "Buldern"]
[WhiteTeamCountry "GER"]
[BlackTeamCountry "GER"]

1. e4 d6 2. d4 Nf6 3. Nc3 g6 4. Bc4 Bg7 5. Nge2 0-0 6. f3 c6 7. Be3 e5 8. dxe5 dxe5 9. Qxd8 Rxd8 10. 0-0 b5 11. Bb3 Ba6 12. Kf2 Nbd7 13. Rad1 c5 14. Rd6 b4 15. Rxa6 bxc3 16. Nxc3 Bf8 17. Bd5 Nxd5 18. Nxd5 Nb6 19. Rd1 f5 20. Bg5 Rd6 21. Nxb6 Rxb6 22. Rxb6 axb6 23. a3 Re8 24. Rd7 Re6 25. a4 c4 26. Ke2 Bc5 27. Be3 Bxe3 28. Kxe3 Rc6 29. Rd5 Re6 30. Kd2 Kf7 31. Kc3 f4 32. Kxc4 g5 33. Rd7+ Kg6 34. Kd5 Re8 35. Rd6+ Kg7 36. c4 h5 37. Rxb6 Rd8+ 38. Kxe5 Rd2 39. c5 Rxg2 40. c6 Rxh2 41. Rb3 Rc2 42. Rc3 1-0

[Event "Muensterland Verbandsklasse-B 0708"]
[Site "Germany"]
[Date "2007.09.15"]
[Round "1.5"]
[White "Korb, Andreas"]
[Black "Dittberner, Markus"]
[Result "1-0"]
[WhiteElo "2018"]
[BlackElo "1781"]
[PlyCount "87"]
[EventDate "2007.09.15"]
[EventType "team"]
[EventRounds "9"]
[EventCountry "GER"]
[SourceTitle "EXT 2009"]
[Source "ChessBase"]
[SourceDate "2008.11.26"]
[SourceVersion "1"]
[SourceVersionDate "2008.11.26"]
[SourceQuality "1"]
[WhiteTeam "Sendenhorst"]
[BlackTeam "Muenster Indische Dame"]
[WhiteTeamCountry "GER"]
[BlackTeamCountry "GER"]

1. Nc3 Nf6 2. e4 d6 3. Bc4 g6 4. d3 Bg7 5. Bg5 h6 6. Be3 0-0 7. f4 c6 8. Bb3 Ng4 9. Qd2 Nd7 10. d4 Qa5 11. Nce2 Qc7 12. Nf3 Nxe3 13. Qxe3 c5 14. c3 e6 15. 0-0 b5 16. f5 c4 17. Bc2 gxf5 18. exf5 Nf6 19. Nh4 e5 20. dxe5 dxe5 21. Kh1 Bb7 22. Ng3 Rfe8 23. Qe2 Rad8 24. Rae1 e4 25. Nh5 e3 26. Nxf6+ Bxf6 27. Qh5 Rd2 28. Re2 Rxe2 29. Qxe2 Qe7 30. Nf3 Qc5 31. Rd1 Qc6 32. Kg1 a5 33. Nd4 Qc5 34. Qg4+ Kh7 35. Qh5 Re7 36. Ne2 Qc6 37. Qh3 Kg7 38. Nf4 Bg5 39. f6+ Bxf6 40. Rd8 Re8 41. Rxe8 Qxe8 42. Nh5+ Kf8 43. Nxf6 Qe5 44. Nd7+ 1-0

[Event "Muensterland Verbandsklasse-A 0607"]
[Site "Germany"]
[Date "2007.03.24"]
[Round "7.7"]
[White "Schomaker, Guenter"]
[Black "Dittberner, Markus"]
[Result "1/2-1/2"]
[WhiteElo "1733"]
[BlackElo "1827"]
[PlyCount "38"]
[EventDate "2006.09.23"]
[EventType "team"]
[EventRounds "9"]
[EventCountry "GER"]
[SourceTitle "EXT 2008"]
[Source "ChessBase"]
[SourceDate "2007.11.25"]
[SourceVersion "1"]
[SourceVersionDate "2007.11.25"]
[SourceQuality "1"]
[WhiteTeam "Telgte"]
[BlackTeam "Muenster Indische Dame"]
[WhiteTeamCountry "GER"]
[BlackTeamCountry "GER"]

1. d4 Nf6 2. c4 g6 3. Nc3 Bg7 4. Nf3 0-0 5. e3 e6 6. Bd3 c5 7. 0-0 d6 8. Bd2 b6 9. d5 exd5 10. cxd5 Ba6 11. Qe2 Qc8 12. Bxa6 Qxa6 13. Rfe1 Qb7 14. e4 a6 15. Bf4 Rd8 16. Rab1 Nh5 17. Bg5 Re8 18. Qd3 Nd7 19. Bd2 b5 1/2-1/2